000 01171nam0a22002411 4500
001 rc\368030
005 20260407080605.0
035 _a(NLR Aleph) 005598931
090 _a6291848
_c6291848
100 _a20030307d1989 |||y0rusy50 ca
101 0 _arus
102 _aRU
105 _ay |||||||||
200 1 _aСОВЕТСКИЙ гражданский процесс
_eСб. задач
_e[Для студентов юрид. вузов
_fПрофессора В.П. Воложанин, К.И. Комиссаров, Ю.К. Осипов и др.
_gОтв. ред.: проф. В.П. Воложанин и доц. В.М. Кошкин]
_gМ-во высш. и сред. спец. образования РСФСР, Свердл. юрид. ин-т им. Р.А. Руденко
210 _aСвердловск
_cСЮИ
_d1989
215 _a142 с.
_d19
701 1 _aВоложанин
_bВ.П.
_gВиталий Петрович
712 0 2 _aСвердловский юридический институт им. Р. А. Руденко
_3RU\NLR\AUTH\886186
_9284139
801 0 _aRU
_bNLR
_gpsbo
801 1 _aRU
_bELAR
_2rusmarc
852 _aNLR
_j91-3/4967
942 _cBOOK
980 _aNB